000 00512cam a2200169 4500
001 D13751
008 090401t1873 xxu||||| |||| 00| 0 eng d
035 _a(Sirsi) u11434
041 _aeng
100 _aRogers, Frederick
245 _aSpecifications for practical architecture being a guide to the Architect, Engineer, Surveyors and Builder
260 _aLondon
_bLockwood & Sons
_c1873
350 _a0
520 _aShelf 134 ; Also catalogued in Historical collection
942 _n0
948 _c04/03/1997
999 _c86864
_d86864